|
|
|
|
| LEADER |
01021nam a2200241 a 4500 |
| 008 |
091229s2001 bg fr p s 0 0eng d |
| 040 |
|
|
|a DLC
|c DLC
|d DLC
|d OCoLC
|d BD-DhAAL
|
| 082 |
0 |
0 |
|a 332.095492
|2 21
|
| 245 |
0 |
0 |
|a Selected information on microfinance in Bangladesh.
|
| 246 |
1 |
4 |
|a CDF statistics
|
| 260 |
|
|
|a Dhaka :
|b Credit and Development Forum,
|c 2001
|
| 300 |
|
|
|a 163 p. ;
|c 14 x 23 cm.
|
| 310 |
|
|
|a Semiannual
|
| 500 |
|
|
|a Description based on: Vol. 11 (June 2000).
|
| 500 |
|
|
|a Microfinance data bank of MFI-NGOs.
|
| 520 |
|
|
|a Chiefly statistical tables.
|
| 541 |
1 |
|
|e 00010887
|
| 650 |
|
0 |
|a Microfinance
|z Bangladesh
|v Periodicals.
|
| 650 |
|
0 |
|a Microfinance
|z Bangladesh
|v Statistics.
|
| 710 |
2 |
|
|a Credit and Development Forum (Bangladesh)
|
| 852 |
4 |
|
|a Ayesha Abed Library
|j General shelf
|
| 999 |
|
|
|c 6513
|d 6513
|
| 952 |
|
|
|0 0
|1 0
|2 ddc
|4 0
|6 332_095492000000000_SEL_2001
|7 0
|9 6609
|a BRACUL
|b BRACUL
|c GEN
|d 2009-12-30
|g 0.00
|l 0
|o 332.095492 SEL
|p 3010010887
|r 2009-12-30
|t 1
|w 2009-12-30
|y BK
|x No price found in the accession register.
|